Women in the Old Testament; (Record no. 35917)

MARC details
000 -LEADER
fixed length control field 00775cam a22002291 4500
001 - CONTROL NUMBER
control field 6952509
005 - DATE AND TIME OF LATEST TRANSACTION
control field 20050820211822.0
008 - FIXED-LENGTH DATA ELEMENTS--GENERAL INFORMATION
fixed length control field 750430s1949 nyu 000 0ceng
010 ## - LIBRARY OF CONGRESS CONTROL NUMBER
LC control number 49011604
035 ## - SYSTEM CONTROL NUMBER
System control number (OCoLC)1305008
040 ## - CATALOGING SOURCE
Original cataloging agency DLC
Transcribing agency FM
Modifying agency OCoLC
-- DLC
042 ## - AUTHENTICATION CODE
Authentication code premarc
050 00 - LIBRARY OF CONGRESS CALL NUMBER
Classification number BS575
Item number .L58 1949
100 1# - MAIN ENTRY--PERSONAL NAME
Personal name Lofts, Norah,
Dates associated with a name 1904-
245 10 - TITLE STATEMENT
Title Women in the Old Testament;
Remainder of title twenty psychological portraits.
260 ## - PUBLICATION, DISTRIBUTION, ETC. (IMPRINT)
Place of publication, distribution, etc New York,
Name of publisher, distributor, etc Macmillan,
Date of publication, distribution, etc 1949.
300 ## - PHYSICAL DESCRIPTION
Extent xi, 178 p.
Dimensions 21 cm.
650 #0 - SUBJECT ADDED ENTRY--TOPICAL TERM
Topical term or geographic name as entry element Women in the Bible.
906 ## - LOCAL DATA ELEMENT F, LDF (RLIN)
a 7
b cbc
c oclcrpl
d u
e ncip
f 19
g y-gencatlg
942 ## - ADDED ENTRY ELEMENTS (KOHA)
Source of classification or shelving scheme Library of Congress Classification
Item type Book
Holdings
Withdrawn status Lost status Source of classification or shelving scheme Damaged status Not for loan Home library Current library Shelving location Date acquired Total Checkouts Full call number Barcode Date last seen Date last borrowed Price effective from Koha item type
    Library of Congress Classification     Bishop Okullu Memorial Library (Limuru Campus) Bishop Okullu Memorial Library (Limuru Campus) General Circulation 16/07/2012 2 BS575 .L58 1949 014493 06/07/2023 17/06/2023 16/07/2012 Book